Score 0/20 Timer 02:00
0 Plays Today
Clue 4-Letter Word % Correct
Pants supporterBELT
90.5%
A small mountainHILL
89.4%
Defeat in a fightBEAT
86.5%
A building support unitBEAM
83.2%
The handle of a swordHILT
82.5%
A large formal danceBALL
82.4%
A clueHINT
82.3%
Dracula author StokerBRAM
81.7%
Big Ben, e.g.BELL
79.4%
Skeletal componentBONE
78.8%
Clue 4-Letter Word % Correct
A type of evergreenPINE
61.1%
To hit, usually over the headBONK
59.3%
* 4 of the previous starred rung **PINT*
57.3%
A flexible plant shootBINE
51.4%
* A unit of 0.216734 cubic inches **DRAM*
41.7%
Bitterness of spiritGALL
40%
Dark rich German beerBOCK
38.5%
One-named performer of 'Loser'BECK
37.3%
* 40 of the previous starred rung **GILL*
37.3%
* 16 of the previous starred rung **PECK*
21.1%

Today's Daily Dose

Remove Ads.
Support Sporcle.
Get the best of Sporcle when you Go Orange. This ad-free experience offers more features, more stats, and more fun while also helping to support Sporcle. Thank you for becoming a member.

You're not logged in!

Compare scores with friends on all Sporcle quizzes.
OR
Log In

Show Comments

Extras

Top Quizzes Today


Score Distribution

Your Account Isn't Verified!

In order to create a playlist on Sporcle, you need to verify the email address you used during registration. Go to your Sporcle Settings to finish the process.

Report this User

Report this user for behavior that violates our Community Guidelines.

Details: